Trenerzy Lechii Gdańsk - nagła śmierć - Statystyki

Ogólne statystyki
  • Ten quiz został rozwiązany 38 razy
  • Średni wynik to 9 z 15
Answers on the Grid
Answers color-coded by a green-red scale on the quiz's grid according to % correct below.
Marcin Brosz
Jacek Zieliński
Goncalo Feio
John Carver
Adam Nawałka
Michal Probierz
Kazimierz Moskal
Marcin Kaczmarek
Czesław Michniewicz
Tomasz Kafarski
Jacek Magiera
Tomasz Kaczmarek
Aleksander Vuković
Quim Machado
Ricardo Moniz
Pavel Stano
Szymon Grabowski
Robert Kolendowicz
Jerzy Brzęczek
Dawid Szwarga
David Badia Cequier
Ryszard Wieczorek
Kamil Kiereś
Piotr Stokowiec
Waldemar Fornalik
Adam Owen
Jan Urban
Piotr Nowak
Orest Lenczyk
Paweł Janas
 
Statystyki odpowiedzi
Odpowiedź % Poprawnych
John Carver
81%
Piotr Stokowiec
73%
Szymon Grabowski
69%
Michal Probierz
65%
Piotr Nowak
65%
Tomasz Kaczmarek
65%
Tomasz Kafarski
58%
Adam Owen
54%
Jerzy Brzęczek
54%
Marcin Kaczmarek
54%
Jacek Zieliński
50%
David Badia Cequier
46%
Paweł Janas
46%
Ricardo Moniz
42%
Quim Machado
38%
Nie znaleziono quizów pasujących do podanych kryteriów
Rozkład punktacji
Procent ludzi z każdym wynikiem
Percentyl według liczby udzielonych odpowiedzi
Twoja historia wyników
Nie rozwiązałeś tego quizu